书目信息 |
| 题名: |
西方绘画艺术金库
|
|
| 作者: | 欧阳英 著 | |
| 分册: | ||
| 出版信息: | 北京 中国青年出版社 2000 |
|
| 页数: | 357页 | |
| 开本: | 16开 | |
| 丛书名: | 西方艺术金库丛书 | |
| 单 册: | ||
| 中图分类: | J205.5 | |
| 科图分类: | ||
| 主题词: | 绘画--作品--鉴赏--西方国家 | |
| 电子资源: | ||
| ISBN: | 7-5006-3427-7 | |
| 000 | 00631nam0 2200217 45 | |
| 001 | 0210220985 | |
| 005 | 20031219104058.8 | |
| 010 | @a7-5006-3427-7@dCNY46.00 | |
| 100 | @a20021022d2000 km y0chiy0120 ea | |
| 101 | 0 | @achi |
| 105 | @a z 000yy | |
| 200 | 1 | @a西方绘画艺术金库@AXi Fang Hui Hua Yi Shu Jin Ku@f欧阳英著@FOu Yang Ying Zhu |
| 210 | @a北京@c中国青年出版社@d2000 | |
| 215 | @a357页@d16开 | |
| 225 | @a西方艺术金库丛书 | |
| 410 | @12001 @a西方艺术金库丛书 | |
| 606 | 0 | @a绘画@x作品@x鉴赏@y西方国家 |
| 690 | @aJ205.5@v4 | |
| 701 | @a欧阳英@4著 | |
| 801 | @aCN@bTSTC@c20021023 | |
| 905 | @b315941-943@dJ205.5@e178@f3 | |
| 西方绘画艺术金库/欧阳英著.-北京:中国青年出版社,2000 |
| 357页;16开.-(西方艺术金库丛书) |
| ISBN 7-5006-3427-7:CNY46.00 |
| ● |
| 相关链接 |
|
|
|
|
正题名:西方绘画艺术金库
索取号:J205.5/178
 
预约/预借
| 序号 | 登录号 | 条形码 | 馆藏地/架位号 | 状态 | 备注 |
| 1 | 0315941 | 203159410 | 第一借阅区/ [索取号:J205.5/178] | 在馆 | |
| 2 | 0315942 | 203159429 | 第一借阅区/ [索取号:J205.5/178] | 在馆 | |
| 3 | 0315943 | 203159438 | 第一样本阅览室/ [索取号:J205.5/178] | 在馆 |